1362 1761 1366 1943 1679 1752 1675 1754 1501 1898 1656 1340 1553 1865 1881 1644 1338 1970 1046 1263 1349 1265 1152 1856 1752 1336 1388 1597 1944 1744 1176 1066 1793 1220 1949 1565 1498 1322 1851 1303 1931 1009 1317 1261 1069 1085 1393 1761 1188 1025 1463 1435 1422 1612 1935 1875 1555 1185 1491 1133 1451 1806 1371 1029 1546 1697 1646 1972 1890 1340 1498 1690 1098 1926 1320 1148 1278 1615 1520 1208 1700 1075 1037 1413 1630 1751 1968 1180 1314 1655 1165 1405 1757 1091 1666 1342 1205 1712 1464 BCNSPRNW ULIB Ver.6.0+V

เปลี่ยนเป็นภาษาไทย

Change to English
 แสดงรายละเอียดบรรณานุกรม
  กลับหน้าหลัก

Brief Record : Get Marc (ISO 2709) : E-mail record : QR code < ปิดหน้าต่าง
LEADER : 00000nam 2200000uu 4500
001    13399114013
003     ULIB
008    120125s2546||||th 000 0 tha d
020    ^a9749144813 (ล.2)
060 04 ^aWA395^bอ692ร ล.2 2546
245 00 ^aรวมพลังสร้างสุข เล่ม2/^cสุทธิสิทธิ์ ไมตรีจิตร์
250    ^aพิมพ์ครั้งที่ 1
260    ^aกรุงเทพฯ :^bสำนักงานปฏิรูประบบสุขภาพแห่งชาติ (สปรส.)และโครงการสวัสดิการวิชาการ สถาบันพระบรมราชชนก,^c2546
300    ^a เล่ม 2 :^bภาพประกอบ ;^c21 ซม.
650  7 ^aการมีส่วนร่วมทางสังคม
650  7 ^aการส่งเสริมสุขภาพ^zไทย
650  7 ^aกลุ่มสังคม
650  7 ^aเศรษฐกิจพอเพียง
650  7 ^aสาธารณสุขมูลฐาน
650  7 ^aสุขภาพ^xการมีส่วนร่วมของประชาชน
650  7 ^aอนามัยชุมชน
700 0  ^aสุทธิสิทธิ์ ไมตรีจิตร์
700 0  ^aอำพล จินดาวัฒนะ
710 2  ^aสำนักงานปฏิรูประบบสุขภาพแห่งชาติ
710 2  ^aสถาบันพระบรมราชชนก. ^bโครงการสวัสดิการวิชาการ
945    ^p0^l0^i12433
945    ^p0^l0^i12283
995    ^aกัณชพร
999    ^aใช้งานได้ทุกระบบ
รายการนี้ยังไม่มีแท็ก
คุณยังไม่ได้ล็อกอิน คุณสามารถมีกิจกรรมร่วมกับเว็บไซต์ได้ แต่ต้องล็อกอินก่อน ::
  ล็อกอิน

รายการสื่อสารสนเทศ

ลำดับที่ ประเภท เลขเรียก/บาร์โค้ด สถานที่ สถานะ
1. วิทยาศาสตร์การแพทย์ และสุขภาพ
วิทยาศาสตร์การแพทย์ และสุขภาพ
WA395 อ692ร ล.2 2546 ฉ.2 
  Barcode: 12283
ห้องสมุดวิทยาเขตสวรรค์ประชารักษ์
►หนังสือทั่วไป
บนชั้น

รายการใกล้เคียง
    หัวเรื่อง [การมีส่วนร่วมทางสังคม]
    หัวเรื่อง [กลุ่มสังคม]
    หัวเรื่อง [เศรษฐกิจพอเพียง]
    หัวเรื่อง [สาธารณสุขมูลฐาน]
    หัวเรื่อง [อนามัยชุมชน]

BibComment


ยังไม่เคยถูกคอมเมนท์

คอมเมนท์ทรัพยากรรายการนี้
  คอมเมนท์: รวมพลังสร้างสุข ..


 Copyright 2026. Bcnsprnw @Library